Szegedre érkeztek a moszkvai Sztanyiszlavszkij Színház művészei
Elmentve itt :
| Dokumentumtípus: | Cikk |
|---|---|
| Megjelent: |
1959-07-28
|
| Sorozat: | Délmagyarország
15 No. 175 |
| Kulcsszavak: | Szabadtéri Játékok, Vendégjáték balett orosz 1959, Kulturális kapcsolatok magyar-szovjet |
| Online Access: | http://dmarchiv.bibl.u-szeged.hu/77629 |
| LEADER | 00519nab a2200145 i 4500 | ||
|---|---|---|---|
| 001 | delm77629 | ||
| 005 | 20180928084349.0 | ||
| 008 | 180928s1959 hu o 0|| hun d | ||
| 040 | |a SZTE Délmagyarország Archívum |b hun | ||
| 041 | |a hun | ||
| 245 | 0 | 0 | |a Szegedre érkeztek a moszkvai Sztanyiszlavszkij Színház művészei |h [elektronikus dokumentum] |
| 260 | |c 1959-07-28 | ||
| 300 | |a 1 | ||
| 490 | 0 | |a Délmagyarország |v 15 No. 175 | |
| 695 | |a Szabadtéri Játékok, Vendégjáték balett orosz 1959, Kulturális kapcsolatok magyar-szovjet | ||